| 000 | 00540nam a22001577a 4500 | ||
|---|---|---|---|
| 003 | OSt | ||
| 005 | 20151103151550.0 | ||
| 008 | 151103b xxu||||| |||| 00| 0 eng d | ||
| 040 | _cRUA | ||
| 082 | _aFOR បាក់ 1995 B120 Or.1 | ||
| 100 |
_93277 _aបាក់ អ៊ាមឆេង |
||
| 245 | _aការរៀបចំចំណាត់ថ្នាក់អាងរងទឹកភ្លៀង( WATERSHED)ទន្លេមេគង្គលើ | ||
| 260 |
_aPhnom Penh _bRUA _c1995 |
||
| 300 |
_a65p. _bill. _c29cm. |
||
| 942 |
_2ddc _cFOR |
||
| 999 |
_c3059 _d3059 |
||